Plastics / (Record no. 114908)
[ view plain ]
| 000 -LEADER | |
|---|---|
| fixed length control field | 00483nam a2200169 a 4500 |
| 005 - DATE AND TIME OF LATEST TRANSACTION | |
| control field | 20140414132116.0 |
| 008 - FIXED-LENGTH DATA ELEMENTS--GENERAL INFORMATION | |
| fixed length control field | 111010s19uu xx 00 eng d |
| 020 ## - INTERNATIONAL STANDARD BOOK NUMBER | |
| International Standard Book Number | 9781607530688 |
| 050 ## - LIBRARY OF CONGRESS CALL NUMBER | |
| Classification number | REF 668.4 |
| Item number | M83 2011 |
| 100 ## - MAIN ENTRY--PERSONAL NAME | |
| Personal name | Morris, Neil, 1946- |
| 245 ## - TITLE STATEMENT | |
| Title | Plastics / |
| Statement of responsibility, etc | Neil Morris. |
| 260 ## - PUBLICATION, DISTRIBUTION, ETC. (IMPRINT) | |
| Place of publication, distribution, etc | Mankato, MN : |
| Name of publisher, distributor, etc | Amicus, |
| Date of publication, distribution, etc | c2011. |
| 300 ## - PHYSICAL DESCRIPTION | |
| Extent | 32 p : ill. (chiefly col.) ; 2 |
| 440 ## - SERIES STATEMENT/ADDED ENTRY--TITLE | |
| Title | Materials that matter |
| 650 ## - SUBJECT ADDED ENTRY--TOPICAL TERM | |
| Topical term or geographic name as entry element | Plastics |
| General subdivision | Juvenile literature. |
| Withdrawn status | Lost status | Damaged status | Use restrictions | Home library | Current library | Shelving location | Date acquired | Source of acquisition | Cost, normal purchase price | Total Checkouts | Full call number | Barcode | Date last seen | Price effective from | Koha item type |
|---|---|---|---|---|---|---|---|---|---|---|---|---|---|---|---|
| Munich Library | Munich Library | Reference Section | 10/10/2011 | 2013.00 | REF 668.4 M83 2011 | M6844 | 04/14/2014 | 04/14/2014 | Books |